| 000 | 00845pam a2200265 a 4500 | ||
|---|---|---|---|
| 001 | 3556043 | ||
| 003 | GBCCL | ||
| 005 | 20241126110426.0 | ||
| 008 | 930630s1994 miu b 000 0 eng | ||
| 010 | _a 93028253 | ||
| 020 | _a0801063124 | ||
| 035 | _a(OCoLC)ocn685367027 | ||
| 035 | _a3556043 | ||
| 040 |
_aDLC _cDLC _dDLC |
||
| 050 | 0 | 0 |
_aBS2695.3 _b.M674 1994 |
| 082 | 0 | 0 |
_a227.5077 _220 _bMOR |
| 100 | 1 |
_aMorris, Leon, _d1914-2006. _94795 |
|
| 245 | 1 | 0 |
_aExpository reflections on the Letter to the Ephesians / _cLeon Morris. |
| 260 |
_aGrand Rapids, Mich. : _bBaker Books, _cc1994. |
||
| 300 |
_a217 p. ; _c24 cm. |
||
| 504 | _aIncludes bibliographical references (p. 216-217). | ||
| 630 | 0 | 0 |
_aBible. _pN.T. _pEphesians _vCommentaries. _94796 |
| 730 | 0 | 2 |
_aBible. _pN.T. _pEphesians. _lEnglish. _sMorris. _f1994. _94797 |
| 942 |
_2ddc _cBK _013 |
||
| 999 |
_c2318 _d2318 |
||